000 00808cam a2200277 4500
001 ABS65235
008 020409n2002 000 0 eng u
035 _a(Sirsi) u117406
245 _aHerts, Beds and Bucks
260 _c2002
490 _aProperty Week
_v67(9) 8 March 2002, 85-112(12)
590 _aABS
650 _aHATFIELD
650 _aHIGH WYCOMBE
650 _aMILTON KEYNES
650 _aWATFORD
650 _aWELWYN GARDEN CITY
650 _aHEMEL HAMPSTEAD
650 _aPROPERTY-COMMERCIAL PROPERTY-OFFICE PROPERTY-OFFICE PROPERTY MARKET
650 _aINDUSTRIAL MARKET
650 _aPROPERTY-COMMERCIAL PROPERTY-RETAIL PROPERTY-RETAIL PROPERTY MARKET
650 _aTELECOMMUNICATIONS
650 _aBUSINESS PARKS
690 _aPROPERTY-COMMERCIAL PROPERTY
942 _n0
999 _c69941
_d69941